| 000 | 00398nam a22001697a 4500 | ||
|---|---|---|---|
| 003 | CEME | ||
| 005 | 20210628210515.0 | ||
| 008 | 210208b xxu||||| |||| 00| 0 eng d | ||
| 040 | _c. | ||
| 082 | _a891.4391 DIL | ||
| 100 |
_aDil, Nawaz Dil _965203 |
||
| 245 | _aTikonay tarray | ||
| 260 |
_aLAHORE _bAL-THEREER _c2000 |
||
| 300 | _a231P | ||
| 650 |
_aURDU ADAB-POETRY _928226 |
||
| 942 |
_cBK _2ddc |
||
| 999 |
_c584692 _d584692 |
||